000 00791nam a2200277Ia 4500
003 OSt
005 20221006152013.0
006 a|||||r|||| 00| 0
007 ta
008 221006b |||||||| |||| 00| 0 chi d
020 _a1921020028005
020 _a9784883031276
_c¥2800
024 _a24,192
037 _bGift, Japan Foundation
_cAnnuals, Advances
040 _aEASL
_cEASL
_bchi
041 _2chi
_achi
082 _aV42:(T:3), P3
100 _aWATANABE Masako Ed.
_9660518
245 0 _aJojutsu no sutairu to rekishi kyoiku
260 _aTokyo
_bSangensha Japan
_c2003
300 _a280p.
_ccm.
490 _v JL
650 _aJL
942 _hV42:(T:3), P3
_cREF
_2CC
999 _c1092278
_d1092278